000 01383nam a2200265 a 4500
008 120416s1984 ||||||||||||||||| || u
020 _a0070235317
050 _aHD 30.28 Glu
100 _aJauch, Lawrence R
245 1 0 _aBusiness policy and strategic management. (4th ed.)
250 _a4th ed.
260 _aAuckland:
_bMacGraw-Hill
_c1984
300 _axix, 875p. : ill.
350 _a0.00
490 _aMcGraw-Hill series in management
500 _aIncludes bibliographical references and index.
650 0 _aBUSINESS
650 0 _aBUSINESS PLANNING
700 _aGlueck, William F
995 _aBINDERY (DAMAGED)
_D0.00
_e709352
_FCBU-MAIN LIBRARY (Kitwe)
_H5
_I9.75
_jHD 30.28 Glu
_M1
_UDAMAGED
_y003103
_ZMain Library Open Access Collection
995 _aMAIN LIBRARY OPEN ACCESS
_D0.00
_e708714
_FCBU-MAIN LIBRARY (Kitwe)
_H1
_I9.75
_jHD 30.28 Glu
_M2
_UAVAILABLE
_y003104
_ZMain Library Open Access Collection
995 _aMAIN LIBRARY OPEN ACCESS
_D0.00
_e708717
_FCBU-MAIN LIBRARY (Kitwe)
_H3
_I9.75
_jHD 30.28 Glu
_M4
_ULOST
_y708717
_ZMain Library Open Access Collection
995 _aBINDERY (DAMAGED)
_D0.00
_e708716
_FCBU-MAIN LIBRARY (Kitwe)
_H2
_I9.75
_jHD 30.28 Glu
_M3
_UDAMAGED
_y003105
_ZMain Library Open Access Collection
995 _aMAIN LIBRARY OPEN ACCESS
_D0.00
_e708715
_FCBU-MAIN LIBRARY (Kitwe)
_H4
_I9.75
_jHD 30.28 Glu
_M5
_ULOST
_y708715
_ZMain Library Open Access Collection
999 _c77941
_d77941